| 000 | 01004nam a22002897a 4500 | ||
|---|---|---|---|
| 003 | OSt | ||
| 005 | 20151116163605.0 | ||
| 008 | 150313b xxu||||| |||| 00| 0 eng d | ||
| 040 | _cBMC | ||
| 082 | _a891.7 | ||
| 082 | _a808.06847 | ||
| 100 | 1 |
_9133 _aDostoevskiï, Fiodor Mijaïlovich _d1821-1881 |
|
| 245 | 1 | 0 |
_aNovelas y cuentos _cDostoiewsky y Tolstoy ; Estudios preliminares por Ignacio Millán y José E. Iturriaga ; traduciones de Ricardo Baeza, Alfonso Nadal y Vera Macarov |
| 250 | _a[3ª ed.] | ||
| 260 |
_aBuenos Aires [etc] _bW. M. Jackson _c[1956] |
||
| 300 |
_aLX, 377 p. _c21 cm |
||
| 490 |
_aClásicos Jackson _vXXXVIII |
||
| 650 | 2 | 4 |
_929314 _aNovela rusa |
| 650 | 2 | 4 |
_929351 _aCuentos rusos |
| 700 | 1 |
_aTolstoï, Lev Nikolaevich _d1828-1910 _929324 |
|
| 700 | 1 |
_aMillán, Ignacio _932654 |
|
| 700 | 1 |
_aIturriaga, José E. _99194 |
|
| 700 | 1 |
_aBaeza, Ricardo _d1890-1956 _9206 |
|
| 700 | 1 |
_aNadal, Alfonso _932653 |
|
| 700 | 1 |
_aMacarov, Vera _932655 |
|
| 942 |
_2ddc _cBK _hahoj |
||
| 999 |
_c19529 _d19529 |
||